Microeconomic Foundations II: Imperfect Competition Information and Strategic Interaction (Record no. 43434)

MARC details
000 -LEADER
fixed length control field 00485nam a22001697a 4500
005 - DATE AND TIME OF LATEST TRANSACTION
control field 20250327114308.0
008 - FIXED-LENGTH DATA ELEMENTS--GENERAL INFORMATION
fixed length control field 250327b |||||||| |||| 00| 0 eng d
020 ## - INTERNATIONAL STANDARD BOOK NUMBER
International Standard Book Number 9780691250144
041 ## - LANGUAGE CODE
Language code of text/sound track or separate title eng
082 ## - DEWEY DECIMAL CLASSIFICATION NUMBER
Classification number 338.5 KRE
100 ## - MAIN ENTRY--PERSONAL NAME
Author Kreps, David M.
245 ## - TITLE STATEMENT
Title Microeconomic Foundations II: Imperfect Competition Information and Strategic Interaction
260 ## - PUBLICATION, DISTRIBUTION, ETC.
Place USA
Publisher Princeton Univeinrity Pres
Publication Year 2023
300 ## - PHYSICAL DESCRIPTION
Extent 780;.P. 26 cm
650 ## - SUBJECT ADDED ENTRY--TOPICAL TERM
Subject Microeconomics
942 ## - ADDED ENTRY ELEMENTS (KOHA)
Koha item type Books
Holdings
Withdrawn status Lost status Source of classification or shelving scheme Damaged status Not for loan Home library Current library Shelving location Accession Date Vendor Price Bill number Total Checkouts Full call number Barcode No Date last seen Discount Bill Date Koha item type Suggested By
    Dewey Decimal Classification     IMTN IMTN Rack 11-B 03/24/2025 Raghav Books Private Limited 6279.00 2374   338.5 KRE 33725 03/27/2025 33 02/14/2025 Books Dr. Veena Pailwar
Designed & Maintained by: LRC IMT Nagpur Contact: lrc@imtnag.ac.in© 2024. All Rights Reserved.